000 00439nam a2200193Ia 4500
005 20240823032023.0
008 240823s9999||||xx |||||||||||||| ||und||
020 _a978-0-00-722634-4
041 _aENGLISH
082 _A823.914 P4
100 _aAlistair Maclean
245 4 _aThe Last Frontier
250 _a1 st
260 _c2004
_bHarper Publica
500 _aYES
650 _aNovel
_bEnglish
942 _cBK
999 _c192454
_d192454